Statistics for Harry Potter by Letter - A

Click here to take the quiz!

General Stats

  • This quiz has been taken 50 times
  • The average score is 12 of 17

Answer Stats

HintAnswer% Correct
Headmaster of HogwartsAlbus Dumbledore
100%
A Prison guarded by dementorsAzkaban
100%
Giant Spider who lives in The Forbidden ForestAragog
86%
Member of The WeasleysArthur Weasley
86%
Known as ‘Mad eye Moody’Alastor Moody
84%
Neville’s Mother’s nameAlice Longbottom
79%
A witch or wizard who can transform into a specific animalAnimagus
79%
The study of stars and planetsAstronomy
77%
A spell that opens locked things such as doors and windowsAlohomora
72%
The Caretaker at HogwartsArgus Filch
72%
Spell that shoots water from wandAguamenti
67%
Ginny Weasley’s Pygmy PuffArnold
63%
Professional Dark-wizard catcherAuror
63%
The Oldest brother in The Tale of the Three BrothersAntioch Peverell
51%
A love potion that gives the drinker an obsession with the giver of the potionAmortentia
47%
Wizarding sweets that burn holes in your tongueAcid pops
37%
A shop in Diagon Alley which sells potion ingredientsApothecary
30%

Score Distribution

Percentile by Number Answered

Percent of People with Each Score

Your Score History

You have not taken this quiz